000 00324nam a2200133Ia 4500
008 231129s1974||||xx |||||||||||||| ||spa||
040 _bspa
082 _a920 V392m
100 _aVawell Richard
245 0 _aMemorias de un oficial de la legion britanica
260 _c1974
264 _aBanco Popular
942 _2ddc
_cBKS
999 _c20954
_d20954